| 000 | 00592nam a2200193 a 4500 | ||
|---|---|---|---|
| 001 | 000020908 | ||
| 005 | 20200930011203.0 | ||
| 008 | 100823s1963 sp c r 000 p spa d | ||
| 040 |
_aDO-SdBNP _bspa _cBNPHU |
||
| 082 |
_annnn _bP393a |
||
| 100 | 1 |
_aPemán, José María, _d1897-1981 _98191 |
|
| 245 | 1 | 0 |
_aAntología poética / _cJosé María Pemán. |
| 260 |
_aSalamanca : _bAnaya, _c1963. |
||
| 300 |
_a113, [2] p. : _bretr. ; _c18 cm. |
||
| 490 | 1 |
_aBiblioteca anaya _v22 |
|
| 490 | 1 |
_aTextos españoles _v22 |
|
| 830 | 0 |
_aBiblioteca anaya ; _pTextos españoles ; _v22 _941195 |
|
| 049 | _aBNGR | ||
| 999 |
_c20411 _d20411 |
||